| 000 | 00693cam a22002413a 4500 | ||
|---|---|---|---|
| 001 | 7503 | ||
| 003 | PGUSA | ||
| 005 | 20140828083145.0 | ||
| 008 | 050201s2005||||xxu|||||s|||||000 1 eng d | ||
| 040 |
_aPGUSA _beng |
||
| 042 | _adc | ||
| 050 | 4 | _aPT | |
| 100 | 1 |
_aMörike, Eduard, _d1804-1875 |
|
| 245 | 1 | 0 |
_aMozart auf der Reise nach Prag _h[electronic resource] / _cEduard Mörike |
| 260 |
_bProject Gutenberg, _c2005 |
||
| 506 | _aPublic domain in the USA. | ||
| 516 | _aElectronic text | ||
| 653 | _aMozart, Wolfgang Amadeus, 1756-1791 -- Fiction | ||
| 653 | _aMusical fiction | ||
| 830 | 0 |
_aProject Gutenberg _v7503 |
|
| 856 | 4 | 0 | _uhttp://www.gutenberg.org/ebooks/7503 |
| 942 | _cEB | ||
| 999 |
_c236823 _d236823 |
||